000
00273nam a2200109Ia 4500
005
20251222114404.0
008
251222s1900||||xx |||||||||||||| ||spa||
082
_a
DVD0112/D82D/2005
245
0
_a
Magic english: descubriendo animales.
264
_b
Disney, Walt
942
_c
DVD
999
_c
1757
_d
1757